Carrie Fisher Filmography - Statistics

General Stats
  • This quiz has been taken 60 times
    5 since last reset
  • The average score is 11 of 172
Answer Stats
Type Year Name % Correct
TV Documentary 1983 Classic Creatures: Return of the Jedi
100%
Video Game 2016 Lego Star Wars: The Force Awakens
100%
Film 1983 Return of the Jedi
100%
Film 1977 Star Wars
100%
Film 2015 Star Wars: The Force Awakens
100%
Film 2017 Star Wars: The Last Jedi
100%
Film 1980 The Empire Strikes Back
100%
TV Show 1978, 1980 Saturday Night Live
75%
TV Show 2005-2017 Family Guy
50%
TV Film 1978 Star Wars Holiday Special
50%
TV Show 2014 The Big Bang Theory
50%
Film 1989 When Harry Met Sally...
50%
TV Show 2007 30 Rock
25%
TV Show 2015-2017 Catastrophe
25%
Film 2000 Scream 3
25%
Film 1975 Shampoo
25%
Film 1980 The Blues Brothers
25%
TV Show 2016 8 Out of 10 Cats
0%
TV Special 2005 AFI Life Achievement Award: A Tribute to George Lucas
0%
TV Special 2000 AFI Life Achievement Award: A Tribute to Harrison Ford
0%
TV Special 2004 AFI Life Achievement Award: A Tribute to Meryl Streep
0%
TV Film 1985 A Girl Named Alida
0%
Theater 1982-1983 Agnes of God
0%
TV Film 1989 Alida's Problem
0%
TV Show 1987 Amazing Stories
0%
Film 1987 Amazon Women on the Moon
0%
Documentary Series 1993 American Masters
0%
Film 2002 A Midsummer Night's Rave
0%
TV Show 2002 A Nero Wolfe Mystery
0%
Film 1988 Appointment with Death
0%
Play 2008 A Spy in the House of Me
0%
Film 1997 Austin Powers: International Man of Mystery
0%
Short Documentary 1959 A Visit with Debbie Reynolds
0%
Documentary Series 2000, 2001, 2002, 2010 Biography
0%
TV Documentary 2000 Blocked: The Novelist's Experience in Hollywood
0%
TV Show 1980 Blue Peter
0%
Documentary Mini-Series 1998 Bravo Profiles: The Entertainment Business
0%
Documentary 2016 Bright Lights: Starring Carrie Fisher and Debbie Reynolds
0%
TV Documentary 2017 Bright Lights: Starring Carrie Fisher and Debbie Reynolds
0%
Documentary Series 2008 Bring Back...
0%
TV Show 1977 Captain Kangaroo
0%
TV Special 1995 Carrie Fisher: The Hollywood Family
0%
TV Documentary 2010 Carrie Fisher: Wishful Drinking
0%
Documentary Series 1995 Carrie on Hollywood
0%
TV Show 2009 Celebrity Ghost Stories
0%
TV Show 2004 Celebrity Poker Showdown
0%
Theater 1980 Censored Scenes from King Kong
0%
Film 2003 Charlie's Angels: Full Throttle
0%
TV Film 1978 Come Back, Little Sheba
0%
TV Special 2012 Comedy Central Roast of Roseanne
0%
TV Special 2006 Comedy Central Roast of William Shatner
0%
TV Show 2002-2004 Conversations from the Edge with Carrie Fisher
0%
Film 2007 Cougar Club
0%
TV Show 2015 Crackanory
0%
TV Show 2008 Deal or No Deal
0%
TV Film 1969 Debbie Reynolds and the Sound of Children
0%
TV Show 1977 Dinah!
0%
Video Game 2012 Dishonored
0%
Documentary 2007 Dreams on Spec
0%
TV Show 1998 Dr. Katz, Professional Therapist
0%
Film 1991 Drop Dead Fred
0%
Documentary 2004 Empire of Dreams
0%
TV Show 1984 Faerie Tale Theatre
0%
Video Game 2014 Family Guy: The Quest for Stuff
0%
Film 2009 Fanboys
0%
TV Film 1984 Frankenstein
0%
TV Show 1995 Frasier
0%
Film 2006 Friendly Fire
0%
TV Short 1985 From Here to Maternity
0%
TV Documentary 1983 From 'Star Wars' to 'Jedi': The Making of a Saga
0%
Film 1984 Garbo Talks
0%
TV Show 1985 George Burns Comedy Week
0%
TV Show 2014, 2016 Girlfriends' Guide to Divorce
0%
TV Show 2003 Good Morning, Miami
0%
TV Show 1997 Gun
0%
Film 1986 Hannah and Her Sisters
0%
TV Film 1985 Happily Ever After
0%
Documentary 2020 Have a Good Trip: Adventures in Psychedelics
0%
Film 2001 Heartbreakers
0%
Documentary 2007 Heckler
0%
Film 1986 Hollywood Vice Squad
0%
Documentary Mini-Series 2003 Homes That Made Hollywood
0%
Film 1991 Hook
0%
Documentary Series 2000 I Love 1970's
0%
Documentary Series 1998, 2002, 2003 Intimate Portrait
0%
TV Documentary 2011 Intimate Portrait: Debbie Reynolds and Carrie Fisher
0%
Theater 1973-1974 Irene
0%
TV Film 2012 It's Christmas, Carol!
0%
TV Show 1999 It's Like, You Know...
0%
TV Show 2004 Jack & Bobby
0%
Film 2001 Jay and Silent Bob Strike Back
0%
Commercial 2011 Jenny Craig
0%
TV Show 2012 Just for Laughs: All-Access
0%
Short Documentary 2002 Killing in the Name of Life: Terrorism Against Abortion Clinics
0%
TV Show 1982 Laverne & Shirley
0%
TV Film 1978 Leave Yesterday Behind
0%
TV Show 2014 Legit
0%
TV Film 1986 Liberty
0%
TV Show 1970 Life with Linkletter
0%
Film 2000 Lisa Picard Is Famous
0%
Film 1989 Loverboy
0%
Film 2014 Maps to the Stars
0%
Theater 1974 Miss Debbie Reynolds
0%
Film 1979 Mr. Mike's Mondo Video
0%
Theater 1976 No, No Nannette
0%
TV Show 2007 Odd Job Jack
0%
Documentary Series 1999 Omnibus
0%
TV Show 2007 On the Lot
0%
TV Special 1987 Paul Reiser: Out on a Whim
0%
TV Short 1995 Present Tense, Past Perfect
0%
TV Show 2014 QI
0%
TV Short 2001 R2-D2: Beneath the Domei
0%
TV Special 1990 Red Hot + Blue: A Tribute to Cole Porter
0%
Music Video 1983 Rene and Georgette Magritte with Their Dog After the War
0%
Short Film 1982 Return of the Ewok
0%
TV Film 1978 Ringo
0%
TV Special 2008 Robot Chicken: Star Wars Episode II
0%
TV Film 2005 Romancing the Bride
0%
TV Show 1997-1999 Ruby
0%
TV Show 1993 Saturday Zoo
0%
Commercial 1995 Sci-Fi Channel
0%
Documentary 2016 Secrets of the Force Awakens: A Cinematic Journey
0%
TV Show 2000 Sex and the City
0%
Film 1989 She's Back
0%
Film 1990 Sibling Rivalry
0%
TV Show 2007 Side Order of Life
0%
TV Show 2005 Smallville
0%
Film 1991 Soapdish
0%
Film 2009 Sorority Row
0%
Documentary 2007 Staar: She'd Rather Be a Mistress
0%
TV Special 2007 Star Wars at 30
0%
Documentary 2005 Star Wars: Feel the Force
0%
TV Documentary 1997 Star Wars: The Magic & the Mystery
0%
Film 2004 Stateside
0%
TV Documentary 2006 Stephen Fry: The Secret Life of the Manic Depressive
0%
Film 2007 Suffering Man's Charity
0%
TV Film 1986 Sunday Drive
0%
TV Film 1990 Sweet Revenge
0%
TV Special 1990 The American Cinematheque Honors Ron Howard
0%
TV Special 1995 The Annual Artist Rights Foundation Honors Steven Spielberg
0%
Documentary 2005 The Aristocrats
0%
Film 1989 The 'Burbs
0%
Documentary 2018 The Director and the Jedi
0%
Documentary Series 2007 The Essentials
0%
TV Special 1987 The Film Society of Lincoln Center Annual Gala Tribute to Alec Guinness
0%
TV Show 1994 The Full Wax
0%
TV Show 2015 The Keith Lemon Sketch Show
0%
TV Documentary 1977 The Making of 'Star Wars'
0%
Film 1985 The Man with One Red Shoe
0%
TV Show 1977 The Mike Douglas Show
0%
TV Show 1984 The New Show
0%
TV Show 2000 The Outer Limits
0%
TV Documentary 2006 The Return of Courtney Love
0%
TV Film 2004 The Rutles 2: Can't Buy Me Lunch
0%
TV Film 2001 These Old Broads
0%
Film 1987 The Time Guardian
0%
TV Show 1983, 1984, 1986, 1987 The Tonight Show Starring Johnny Carson
0%
Film 2008 The Women
0%
TV Special 2006 The Wubbulous LIVE
0%
Film 1992 This Is My Life
0%
TV Show 1989 Trying Times
0%
TV Film 1989 Two Daddies?
0%
Film 1981 Under the Rainbow
0%
Film 2005 Undiscovered
0%
TV Show 1996 Very Important Pennis
0%
TV Show 2007 Weeds
0%
TV Documentary 2004 When Star Wars Ruled the World
0%
Film 2009 White Lightnin'
0%
Play 2006-2011 Wishful Drinking
0%
Film 2003 Wonderland
0%
Film 2023 Wonderwell
0%
TV Pilot 2010 Wright vs. Wrong
0%
No matching quizzes found
Score Distribution
Percent of People with Each Score
Percentile by Number Answered
Your Score History
You have not taken this quiz since the last reset